Európska centrálna banka - ciele a nástroje menovej politiky
Nositeľmi menovej politiky v rámci Európskej únie sa stali dve inštitúcie a to Európsky systém centrálnych bánk (ESCB) a Európska centrálna banka (ECB). Inštitucionálnym predchodcom ECB bol Európsky menový inštitút. Ciele, úlohy a organizácia Európskej centrálnej banky. Menová politika ECB.
Guardado en:
| Autor principal: | |
|---|---|
| Otros Autores: | |
| Formato: | Capítulo de libro |
| Lenguaje: | eslovaco |
| Materias: | |
| Etiquetas: |
Sin Etiquetas, Sea el primero en etiquetar este registro!
|
MARC
| LEADER | 00000naa$a2200000$$$4500 | ||
|---|---|---|---|
| 001 | 0009066 | ||
| 005 | 20240502071354.7 | ||
| 041 | 0 | |a slo | |
| 044 | |a SK | ||
| 245 | 1 | 0 | |a Európska centrálna banka - ciele a nástroje menovej politiky |c Silvia Táncošová, Judita Táncošová |
| 520 | |a Nositeľmi menovej politiky v rámci Európskej únie sa stali dve inštitúcie a to Európsky systém centrálnych bánk (ESCB) a Európska centrálna banka (ECB). Inštitucionálnym predchodcom ECB bol Európsky menový inštitút. Ciele, úlohy a organizácia Európskej centrálnej banky. Menová politika ECB. | ||
| 610 | 2 | 0 | |a politika menová |
| 610 | 2 | 0 | |a Európska centrálna banka |
| 610 | 2 | 0 | |a Európsky systém centrálnych bánk |
| 610 | 2 | 0 | |a banky centrálne |
| 610 | 2 | 0 | |a eurozóna |
| 610 | 2 | 0 | |a orgány štatutárne |
| 610 | 2 | 0 | |a inštitúcia |
| 100 | 1 | |a Táncošová, Silvia | |
| 700 | 1 | |a Táncošová, Judita | |